[Event "Superettan(Manhem II-Solna)"]
[Site "?"]
[Date "2010.03.14"]
[Round "9"]
[White "Lindborg, Petter"]
[Black "von Bromssen, Goran"]
[Result "1/2-1/2"]
[WhiteElo "2188"]
[BlackElo "2061"]
[PlyCount "117"]

1. d4 Nf6 2. Bg5 Ne4 3. Bf4 d5 4. e3 g6 5. Bd3 Bg7 6. Bxe4 dxe4 7. Nd2 c5 8. c3
Qb6 9. Qb3 f5 10. Nc4 Qa6 11. Ne5 Rf8 12. Ne2 Nd7 13. c4 Nxe5 14. Bxe5 Bxe5 15.
dxe5 Bd7 16. Nc3 O-O-O 17. O-O-O Qe6 18. Qa3 Qxc4 19. Rd5 Qa6 20. Rxc5+ Kb8 21.
Qxa6 bxa6 22. Rd1 Bc8 23. Rxd8 Rxd8 24. Rd5 Kc7 25. Rxd8 Kxd8 26. Ne2 Kc7 27.
Nd4 Kb6 28. Kc2 Kc5 29. Kc3 Bd7 30. f4 exf3 31. gxf3 Kd5 32. f4 Ke4 33. Kd2 h6
34. h4 a5 35. b3 a6 36. Ke2 Bb5+ 37. Kd2 Bd7 38. a3 a4 39. bxa4 Bxa4 40. Ke2
Bb5+ 41. Kd2 Ba4 42. Ke2 Be8 43. e6 g5 44. hxg5 hxg5 45. fxg5 f4 46. Nc2 Bh5+
47. Kf2 fxe3+ 48. Nxe3 Ke5 49. Kg3 Kxe6 50. Kf4 Bg6 51. Nc4 Kd5 52. Ne5 Be8 53.
Kf5 Bh5 54. g6 Bxg6+ 55. Nxg6 e6+ 56. Kf6 Kc4 57. Kxe6 Kb3 58. Ne5 Kxa3 59. Nc6
1/2-1/2

[Event "Superettan(Manhem II-Solna)"]
[Site "?"]
[Date "2010.03.14"]
[Round "9"]
[White "Eriksson, Mats"]
[Black "Dalmau, Jorgen"]
[Result "1-0"]
[WhiteElo "2043"]
[BlackElo "2186"]
[PlyCount "47"]

1. e4 e5 2. Nf3 Nc6 3. Nc3 Nf6 4. d4 exd4 5. Nd5 Nxe4 6. Bc4 Be7 7. O-O O-O 8.
Nxd4 Bc5 9. Nf5 Ne5 10. Qe2 Nxc4 11. Qg4 g6 12. Qxe4 Nb6 13. Nh6+ Kg7 14. Qe5+
f6 15. Nxf6 Rxf6 16. Qxc5 d6 17. Qd4 c5 18. Qh4 Bf5 19. Bg5 Bxc2 20. Ng4 Nd7
21. Rfe1 Bf5 22. Nxf6 Nxf6 23. Re2 h5 24. Rae1 1-0

[Event "Superettan(En Passant-Rockaden,SthlmII)"]
[Site "?"]
[Date "2010.03.14"]
[Round "9"]
[White "Hanninger, Simon"]
[Black "Unmack, Christian"]
[Result "1/2-1/2"]
[WhiteElo "2292"]
[BlackElo "2214"]
[PlyCount "115"]

1. e4 Nc6 2. Nc3 e6 3. d4 d5 4. exd5 exd5 5. Bb5 Bf5 6. Nge2 Qd7 7. O-O Bd6 8.
Nxd5 Bxh2+ 9. Kxh2 Qxd5 10. c4 Qe4 11. Nf4 O-O-O 12. Qa4 Nxd4 13. Qxa7 Nxb5 14.
cxb5 b6 15. Be3 Qb7 16. Qxb7+ Kxb7 17. a4 Nf6 18. Ne2 Bd3 19. Rfe1 Ng4+ 20. Kg3
Nxe3 21. fxe3 Rhe8 22. Nd4 Rd6 23. Rac1 Rg6+ 24. Kf2 Be4 25. Nf3 Rg4 26. b3 Rd8
27. Rc4 Bxf3 28. Kxf3 Rxc4 29. bxc4 Rd3 30. g4 h6 31. Rc1 Ra3 32. Rd1 Kc8 33.
c5 bxc5 34. Rc1 Rxa4 35. Rxc5 Rb4 36. Rd5 Rc4 37. Rf5 f6 38. Rd5 Rb4 39. Kg3
Re4 40. Kf3 Re5 41. Rxe5 fxe5 42. Ke4 Kd7 43. Kxe5 Ke7 44. Kd5 g6 45. Kc6 Kd8
46. Kd5 Kd7 47. Ke5 Ke7 48. Kd5 h5 49. gxh5 gxh5 50. Ke5 h4 51. Kf4 Kd6 52. Kg4
Kc5 53. Kxh4 Kxb5 54. Kg5 c5 55. e4 c4 56. e5 c3 57. e6 Kc6 58. Kf6 1/2-1/2

[Event "Superettan(En Passant-Rockaden,SthlmII)"]
[Site "?"]
[Date "2010.03.14"]
[Round "9"]
[White "Carlsson, Christofer"]
[Black "Bryntze, Stefan"]
[Result "1-0"]
[WhiteElo "2145"]
[BlackElo "2251"]
[PlyCount "81"]

1. d4 e6 2. c4 f5 3. g3 Nf6 4. Bg2 Bb4+ 5. Bd2 Qe7 6. Nf3 O-O 7. O-O Bxd2 8.
Nbxd2 d6 9. Qb3 c6 10. Rae1 e5 11. e4 f4 12. c5+ Be6 13. Qc3 exd4 14. Nxd4 dxc5
15. Nxe6 Qxe6 16. gxf4 Nbd7 17. f5 Qe7 18. f4 Kh8 19. Qh3 Qd6 20. Rf2 Qd4 21.
Nf3 Qc4 22. Ng5 Rae8 23. b3 Qb4 24. Rfe2 h6 25. a3 Qb5 26. Ne6 c4 27. bxc4 Qxc4
28. Nxf8 Nxf8 29. e5 Nd5 30. Bxd5 cxd5 31. Qh5 Rc8 32. f6 Qxf4 33. fxg7+ Kxg7
34. Rf2 Qd4 35. Qf7+ Kh8 36. Qf6+ Kg8 37. Kh1 Nh7 38. Rg1+ Ng5 39. Qg6+ Kh8 40.
Qxh6+ Nh7 41. Qg7# 1-0

[Event "Superettan(En Passant-Rockaden,SthlmII)"]
[Site "?"]
[Date "2010.03.14"]
[Round "9"]
[White "Westerberg, Jonathan"]
[Black "Clementsson, Jan"]
[Result "1-0"]
[WhiteElo "2227"]
[BlackElo "2114"]
[PlyCount "74"]

1. d4 e6 2. Bf4 c5 3. e3 Nf6 4. Nf3 Nc6 5. c3 d5 6. Nbd2 Bd6 7. Bg5 h6 8. Bh4
O-O 9. Bb5 Bd7 10. e4 Be7 11. Bxf6 Bxf6 12. dxc5 Ne5 13. Be2 Nxf3+ 14. Bxf3 d4
15. e5 Bxe5 16. Nc4 Qf6 17. O-O Bc6 18. Bxc6 bxc6 19. Re1 Bc7 20. Qxd4 Qxd4 21.
cxd4 Rfd8 22. Rad1 Rd5 23. Ne3 Rd7 24. Nc2 Rad8 25. Re3 e5 26. Red3 f5 27. Kf1
e4 28. Ra3 Be5 29. Ra4 Kf7 30. Rc4 Rb8 31. Nb4 Rc8 32. Ke2 Bxh2 33. g3 f4 34.
gxf4 Bxf4 35. d5 cxd5 36. Nxd5 Be5 37. c6 Rd6 1-0

[Event "Superettan(En Passant-Rockaden,SthlmII)"]
[Site "?"]
[Date "2010.03.14"]
[Round "9"]
[White "Johansson, Roland"]
[Black "Sandbom, Jonas"]
[Result "1/2-1/2"]
[WhiteElo "1956"]
[BlackElo "2212"]
[PlyCount "74"]
[EventDate "2010.??.??"]

1. e4 c5 2. Nf3 e6 3. d4 cxd4 4. Nxd4 Nf6 5. Nc3 d6 6. Be3 Be7 7. f4 Nc6 8. Qf3
O-O 9. g4 d5 10. O-O-O Nxd4 11. Bxd4 Nxe4 12. Nxe4 dxe4 13. Qxe4 Qd5 14. Qxd5
exd5 15. Bc3 Rd8 16. f5 Bd7 17. h4 Bc6 18. Rh3 Rd7 19. g5 Rad8 20. Bd4 Bd6 21.
c3 b6 22. Kc2 Re8 23. Bd3 Bc5 24. g6 Bxd4 25. gxh7+ Kxh7 26. f6+ Kh6 27. cxd4
gxf6 28. Rf1 Rd6 29. Rhf3 Bd7 30. Rxf6+ Rxf6 31. Rxf6+ Kg7 32. Rf4 Re3 33. Kd2
Rg3 34. Be2 Be6 35. Bf3 Rh3 36. Kc2 Kg6 37. Kd2 Kg7 1/2-1/2

[Event "Superettan(En Passant-Rockaden,SthlmII)"]
[Site "?"]
[Date "2010.03.14"]
[Round "9"]
[White "Berggren, Jonatan"]
[Black "Mansson, Peter"]
[Result "0-1"]
[WhiteElo "2207"]
[BlackElo "2068"]
[PlyCount "48"]
[SourceDate "2010.03.20"]

1. e4 c5 2. Nc3 Nc6 3. g3 g6 4. Bg2 Bg7 5. d3 d6 6. Be3 e6 7. Qd2 Nge7 8. Bh6
O-O 9. h4 Bxh6 10. Qxh6 Kh8 11. h5 Ng8 12. Qd2 g5 13. h6 f5 14. exf5 exf5 15.
Nh3 f4 16. gxf4 gxf4 17. Nxf4 Qg5 18. Ncd5 Bg4 19. Be4 Nd4 20. Qc1 Rae8 21. Kf1
Re5 22. Rg1 Rxd5 23. f3 Rxf4 24. Rxg4 Qxg4 0-1

[Event "Superettan(En Passant-Rockaden,SthlmII)"]
[Site "?"]
[Date "2010.03.14"]
[Round "9"]
[White "Karlsson, Anders"]
[Black "Backman, Michael"]
[Result "0-1"]
[WhiteElo "1898"]
[BlackElo "2121"]
[PlyCount "56"]

1. e4 c6 2. d4 d5 3. e5 c5 4. c3 Nc6 5. Nf3 Bg4 6. Be2 e6 7. Nbd2 Nge7 8. h3
Bxf3 9. Nxf3 cxd4 10. cxd4 Nf5 11. g4 Nh4 12. Nxh4 Qxh4 13. a3 f6 14. Qb3 fxe5
15. Qxb7 Bb4+ 16. axb4 O-O 17. Qxc6 Qxf2+ 18. Kd1 Qxd4+ 19. Bd2 Kh8 20. Qc3 Qe4
21. Rf1 Rxf1+ 22. Bxf1 d4 23. Qd3 Qh1 24. Ra5 Rf8 25. Ke1 Qh2 26. Rxa7 e4 27.
Qxd4 Qg3+ 28. Ke2 Qf3+ 0-1

[Event "Superettan(En Passant-Rockaden,SthlmII)"]
[Site "?"]
[Date "2010.03.14"]
[Round "9"]
[White "Todorovic, Zoran"]
[Black "Klasen, Gunnar"]
[Result "1-0"]
[WhiteElo "2072"]
[BlackElo "1850"]
[PlyCount "83"]

1. e4 e6 2. d4 d5 3. Nc3 Bb4 4. e5 c5 5. a3 Bxc3+ 6. bxc3 Ne7 7. Nf3 Nbc6 8.
Bd2 c4 9. h3 Ng6 10. Be2 f6 11. exf6 Qxf6 12. Bg5 Qf7 13. O-O O-O 14. Qd2 h6
15. Be3 e5 16. dxe5 Ngxe5 17. Nxe5 Nxe5 18. f4 Nc6 19. Rad1 Rd8 20. f5 Qf6 21.
g4 Qh4 22. Kg2 b6 23. Bf3 Ne7 24. Bd4 Bb7 25. Qf4 Nc6 26. Bf2 Qf6 27. Qc7 Qe7
28. Qf4 Qe5 29. Qd2 Ne7 30. Rde1 Qc7 31. Bg3 Qc5 32. f6 Ng6 33. h4 Rf8 34. h5
Rxf6 35. hxg6 Raf8 36. Qd4 Qc6 37. Re7 Ba8 38. Rxa7 Kh8 39. Be5 Rxg6 40. Bxg7+
Kg8 41. Bxf8 Kxf8 42. Bxd5+ 1-0

[Event "Superettan(En Passant-Rockaden,SthlmII)"]
[Site "?"]
[Date "2010.03.14"]
[Round "9"]
[White "Johansson, Sven"]
[Black "Revelj, Oskar"]
[Result "0-1"]
[WhiteElo "1556"]
[BlackElo "2045"]
[PlyCount "78"]

1. e4 c5 2. Nf3 d6 3. d4 cxd4 4. Nxd4 Nf6 5. Nc3 Nc6 6. Nb3 g6 7. Bd2 Bg7 8. h3
O-O 9. f4 Be6 10. g4 Rc8 11. f5 Bxb3 12. axb3 a6 13. Qf3 Nd4 14. Qd3 Nd7 15. b4
Ne5 16. Qg3 Nxc2+ 17. Kf2 Nxa1 18. h4 Qb6+ 19. Be3 Qxb4 20. Kg1 Rxc3 21. bxc3
Qxe4 22. Bh3 Nc2 23. Bc1 Qe1+ 24. Qxe1 Nxe1 25. Kf1 N1d3 26. Be3 Nc5 27. h5 Nc4
28. Bd4 g5 29. Bxg7 Kxg7 30. Kf2 Nd3+ 31. Kg3 Nf4 32. Bf1 Rc8 33. Rh2 Ne3 34.
Rf2 Rxc3 35. Kh2 Nxg4+ 36. Kg1 Rg3+ 37. Bg2 Rxg2+ 38. Rxg2 Nxg2 39. Kxg2 a5 0-1

[Event "Superettan(Orgryte-Orebro)"]
[Site "?"]
[Date "2010.03.14"]
[Round "9"]
[White "Nygren, Kim"]
[Black "Hultin, Johan"]
[Result "0-1"]
[WhiteElo "2337"]
[BlackElo "2351"]
[PlyCount "76"]

1. e4 e6 2. d4 d5 3. Nc3 dxe4 4. Nxe4 Bd7 5. Nf3 Bc6 6. Bd3 Nd7 7. Qe2 Ngf6 8.
Neg5 Bxf3 9. Qxf3 c6 10. O-O Bd6 11. Re1 Qe7 12. c4 h6 13. Qh3 O-O-O 14. Nxe6
Rhe8 15. d5 cxd5 16. c5 Bc7 17. c6 fxe6 18. cxd7+ Qxd7 19. Bg6 Re7 20. b4 Kb8
21. b5 e5 22. Bf5 Qe8 23. Ba3 Bd6 24. Rac1 Bxa3 25. Qxa3 Qf8 26. Qb2 d4 27. a4
Nd5 28. Be4 Nc3 29. a5 Re6 30. a6 b6 31. Rxc3 dxc3 32. Qxc3 Qc5 33. Qb3 Rf6 34.
Qg3 g5 35. Bf3 Rf4 36. Qh3 e4 37. Qxh6 exf3 38. Qg7 Qd5 0-1

[Event "Superettan(Orgryte-Orebro)"]
[Site "?"]
[Date "2010.03.14"]
[Round "9"]
[White "Ziegler, Ari"]
[Black "Hultin, Johan"]
[Result "0-1"]
[WhiteElo "2414"]
[BlackElo "2342"]
[PlyCount "96"]

1. e4 d6 2. d4 Nf6 3. Nc3 c6 4. Be3 Qa5 5. Qd2 e5 6. f3 Nbd7 7. g4 h6 8. O-O-O
Be7 9. Kb1 a6 10. Nge2 b5 11. Nc1 exd4 12. Bxd4 Ne5 13. Qe3 Qc7 14. h4 Be6 15.
b3 c5 16. Bxe5 dxe5 17. Bh3 g5 18. hxg5 hxg5 19. Bg2 Rg8 20. Nd5 Bxd5 21. exd5
O-O-O 22. c4 bxc4 23. bxc4 Rd6 24. Nb3 Rb6 25. Bf1 e4 26. fxe4 Qe5 27. Kc2 Nd7
28. Be2 Bf6 29. Rb1 Rh8 30. Rhf1 Rh2 31. Rf5 Qc7 32. Rbf1 Bd4 33. Qd2 Ne5 34.
Kd1 Nxc4 35. Bxc4 Rxd2+ 36. Nxd2 f6 37. R5f3 Qh2 38. Bb3 Qg2 39. Nc4 Rb4 40. e5
Qxg4 41. Kc1 Rxc4+ 42. Bxc4 Bxe5 43. Bxa6+ Kd8 44. R3f2 Qd4 45. Rc2 g4 46. Bb5
Qb4 47. Bd3 g3 48. Rg2 Qa3+ 0-1

[Event "Superettan(Orgryte-Orebro)"]
[Site "?"]
[Date "2010.03.14"]
[Round "9"]
[White "Lind, Jan-Olov"]
[Black "Frisk Kockum, Anton"]
[Result "0-1"]
[WhiteElo "2243"]
[BlackElo "2325"]
[PlyCount "154"]

1. e4 e6 2. Nf3 d5 3. Nc3 d4 4. Ne2 c5 5. c3 Nc6 6. cxd4 Nf6 7. e5 Nd7 8. dxc5
Bxc5 9. d4 Ndxe5 10. Nxe5 Nxe5 11. Qa4+ Bd7 12. Qb3 Bb4+ 13. Nc3 Nc6 14. Be3
O-O 15. Bd3 Qh4 16. O-O Rfd8 17. Ne4 Be7 18. Rad1 Nb4 19. Bb1 Bc6 20. Nc5 Nd5
21. Nd3 Bd6 22. Ne5 Bxe5 23. dxe5 Ba4 24. Bg5 Qxg5 25. Qxa4 Qxe5 26. Qh4 g6 27.
Qd4 Qxd4 28. Rxd4 e5 29. Rd2 Nf4 30. Rfd1 Rxd2 31. Rxd2 Rc8 32. Bc2 Ne6 33. f3
Kf8 34. Kf2 Ke7 35. Be4 b6 36. Bb1 Rc1 37. Bc2 h6 38. Bd3 f5 39. Bf1 g5 40. Bb5
Nd4 41. Bd3 h5 42. Bf1 Kd6 43. Bd3 Kc5 44. Bf1 a5 45. Ba6 b5 46. Bb7 a4 47. g3
a3 48. bxa3 Kc4 49. Kg2 Kc3 50. Rf2 Kd3 51. h3 e4 52. fxe4 fxe4 53. Rb2 Rc2+
54. Rxc2 Nxc2 55. Bc6 Nxa3 56. Be8 h4 57. gxh4 gxh4 58. Bg6 b4 59. Kf2 Nb5 60.
Ke1 Nc3 61. Bf7 Ke3 62. Bc4 Kf3 63. Be6 e3 64. Bg4+ Kg3 65. Be6 Kg2 66. Bf5 Kf3
67. Be6 Ke4 68. Bf7 Kd4 69. Bb3 Nd5 70. Ba4 Nf4 71. Bd7 Kc3 72. Be8 Nxh3 73.
Ke2 Kd4 74. Kf3 Ng5+ 75. Ke2 Ne4 76. Bf7 h3 77. Kf3 h2 0-1

[Event "Superettan(Orgryte-Orebro)"]
[Site "?"]
[Date "2010.03.14"]
[Round "9"]
[White "Arnelind, Mikael"]
[Black "Zetterberg, Staffan"]
[Result "1/2-1/2"]
[WhiteElo "2219"]
[BlackElo "2326"]
[PlyCount "83"]

1. d4 Nf6 2. c4 c5 3. d5 b5 4. cxb5 a6 5. b6 d6 6. Nc3 g6 7. Nf3 Bg7 8. e4 O-O
9. Be2 Nbd7 10. O-O Nxb6 11. a4 Bg4 12. h3 Bxf3 13. Bxf3 Nc4 14. Be2 Na5 15.
Rb1 Nd7 16. Na2 c4 17. Be3 Qc7 18. Bd4 Bxd4 19. Qxd4 Qc5 20. Qd2 Nb3 21. Qg5
Nd4 22. Bg4 Ne5 23. Nc3 Rab8 24. Kh2 Nd3 25. f4 f6 26. Qh6 f5 27. exf5 Nxf5 28.
Qg5 Qe3 29. Rf3 Qd4 30. Bxf5 Rxf5 31. Qxe7 Rxf4 32. Qe6+ Kg7 33. Ne2 Qe5 34.
Nxf4 Nxf4 35. Qxe5+ dxe5 36. d6 Rd8 37. Rf2 Rxd6 38. Rc2 Rd4 39. Ra1 e4 40. a5
e3 41. Re1 e2 42. g3 1/2-1/2

[Event "Superettan(Orgryte-Orebro)"]
[Site "?"]
[Date "2010.03.14"]
[Round "9"]
[White "Drugge, Patrick"]
[Black "Lauritzson, Peter"]
[Result "1-0"]
[WhiteElo "2331"]
[BlackElo "2148"]
[PlyCount "71"]

1. e4 c5 2. Nc3 Nc6 3. g3 e5 4. Bg2 g6 5. d3 Bg7 6. f4 exf4 7. Bxf4 d6 8. Nf3
Nge7 9. Qd2 O-O 10. Bh6 Be6 11. O-O a6 12. a4 Qd7 13. Rf2 Nd4 14. Bxg7 Nxf3+
15. Rxf3 Kxg7 16. d4 Bg4 17. Rf4 cxd4 18. Nd5 Nxd5 19. exd5 h5 20. Qxd4+ Kg8
21. Rf6 Rac8 22. c3 Qe7 23. Qf4 Rcd8 24. Rf1 a5 25. h3 Bc8 26. g4 hxg4 27. hxg4
Kg7 28. b4 Bxg4 29. Qxg4 Qe3+ 30. R1f2 Qxc3 31. Qf4 Rd7 32. Rxg6+ Kxg6 33. Be4+
f5 34. Qg4+ Kf7 35. Qxf5+ Ke7 36. Qxf8# 1-0

[Event "Superettan(Orgryte-Orebro)"]
[Site "?"]
[Date "2010.03.14"]
[Round "9"]
[White "Virolainen, Victor"]
[Black "Blomstrom, Lars"]
[Result "0-1"]
[WhiteElo "2197"]
[BlackElo "2147"]
[PlyCount "88"]

1. d4 Nf6 2. c4 g6 3. Nc3 Bg7 4. e4 d6 5. Nf3 O-O 6. Be2 e5 7. d5 a5 8. Nd2
Nfd7 9. h4 Na6 10. h5 Nac5 11. hxg6 fxg6 12. Nf3 Nf6 13. Bg5 Qe8 14. Nd2 Nh5
15. Nb3 Qf7 16. Be3 Nf4 17. Bf1 Nxb3 18. axb3 Bd7 19. g3 Nh5 20. Be2 Nf6 21.
Kd2 c6 22. Rh4 cxd5 23. cxd5 Rfc8 24. Ke1 Bf8 25. Qd2 Be7 26. Bb6 Bd8 27. Bxd8
Rxd8 28. g4 Rac8 29. g5 Nh5 30. Bxh5 gxh5 31. f4 exf4 32. Rxf4 Qe7 33. Ne2 Qe5
34. Nd4 Rf8 35. Rxf8+ Rxf8 36. Rxa5 Qg3+ 37. Kd1 Rf2 38. Ra8+ Kf7 39. g6+ hxg6
40. Ne2 Bg4 41. Rf8+ Kxf8 42. Qh6+ Ke7 43. Qg7+ Rf7 44. Qg8 Qe3 0-1

[Event "Superettan(Orgryte-Orebro)"]
[Site "?"]
[Date "2010.03.14"]
[Round "9"]
[White "Jonsson, Krister"]
[Black "Eksmyr, Johan"]
[Result "0-1"]
[WhiteElo "2024"]
[BlackElo "2141"]
[PlyCount "64"]

1. d4 Nf6 2. c4 g6 3. Nc3 d5 4. cxd5 Nxd5 5. e4 Nxc3 6. bxc3 Bg7 7. Bc4 O-O 8.
Ne2 Nc6 9. O-O b6 10. Be3 Bb7 11. Rc1 Qd6 12. f4 Na5 13. Bd3 f5 14. Qc2 e6 15.
Rf2 Rad8 16. e5 Qd7 17. Rd1 b5 18. Qb2 a6 19. a4 c5 20. axb5 c4 21. Bc2 axb5
22. Qb4 Ra8 23. d5 Bxd5 24. Bc5 Nc6 25. Qb2 Rfb8 26. Rff1 Bf8 27. Bxf8 Qa7+ 28.
Kh1 Kxf8 29. Ra1 Qe3 30. Nd4 Nxd4 31. cxd4 Rxa1 32. Rxa1 Qd2 0-1

[Event "Superettan(Orgryte-Orebro)"]
[Site "?"]
[Date "2010.03.14"]
[Round "9"]
[White "Tibell, Ingemar"]
[Black "Larsson, Patrik"]
[Result "1/2-1/2"]
[WhiteElo "2071"]
[BlackElo "2040"]
[PlyCount "47"]

1. e4 d6 2. d4 Nf6 3. f3 d5 4. e5 Nfd7 5. Bd3 e6 6. f4 c5 7. c3 cxd4 8. cxd4
Nc6 9. Nf3 Qb6 10. Bc2 Be7 11. Nc3 f6 12. O-O O-O 13. Na4 Qc7 14. a3 b5 15. Qd3
f5 16. Qxb5 Ncxe5 17. dxe5 Qxc2 18. Nd4 Bc5 19. Nxc5 Qxc5 20. Qxc5 Nxc5 21. b4
Ne4 22. Be3 Bd7 23. Rfc1 Rfc8 24. Kf1 1/2-1/2